| 000 | 01379nam a2200337 a 4500 | ||
|---|---|---|---|
| 001 | ebr2004599 | ||
| 003 | CaPaEBR | ||
| 006 | m u | ||
| 007 | cr cn||||||||| | ||
| 008 | 980929s1999 cau sb 000 0 eng d | ||
| 010 | _z 98031679 | ||
| 020 | _z0833026798 (v. 4 : pbk.) | ||
| 040 |
_aCaPaEBR _cCaPaEBR |
||
| 035 | _a(OCoLC)648376463 | ||
| 050 | 1 | 4 |
_aRB152.7 _b.S87 1998eb |
| 082 | 0 | 4 |
_a616.9/8023 _221 |
| 245 | 0 | 0 |
_aStress _h[electronic resource] / _cGrant N. Marshall ... [et al.]. |
| 260 |
_aSanta Monica, CA : _bRand, _c1999. |
||
| 300 | _axxv, 118 p. | ||
| 490 | 0 |
_aGulf War illnesses series: a review of the scientific literature as it pertains to Gulf War illnesses ; _vv.4 |
|
| 500 | _a"MR-1018-OSD." | ||
| 500 | _a"Prepared for the Office of the Secretary of Defense, National Defense Research Institute." | ||
| 504 | _aIncludes bibliographical references. | ||
| 533 |
_aElectronic reproduction. _bPalo Alto, Calif. : _cebrary, _d2009. _nAvailable via World Wide Web. _nAccess may be limited to ebrary affiliated libraries. |
||
| 650 | 0 | _aPersian Gulf syndrome. | |
| 650 | 0 | _aStress (Psychology) | |
| 655 | 7 |
_aElectronic books. _2local |
|
| 700 | 1 |
_aMarshall, Grant N., _d1955- |
|
| 710 | 2 | _aebrary, Inc. | |
| 856 | 4 | 0 |
_uhttp://site.ebrary.com/lib/rucke/Doc?id=2004599 _zAn electronic book accessible through the World Wide Web; click to view |
| 999 |
_c123061 _d123061 |
||